BIBLIOTHÈQUE DE LA MAISON DU MEXIQUE

Logo 1 Logo 2

Teoría general del estado (notice nᵒ 12592)

détails MARC
000 -Sello discográfico
campo de control de longitud fija 01171nam a2200337 4500
005 - Identificación de versión
campo de control 20251016085156.0
010 ## - Número Estándar Internacional de Libros (ISBN)
Número (ISBN) 968-837-479-2
035 ## - Otros números de control del sistema
Número de control del sistema 16238
099 ## - fechas locales
Tipo de ítem Koha LIBRO
100 ## - Datos de procesamiento general
Datos de procesamiento general 19930801d1985 m y1spay5003 ba
101 1# - Idioma del recurso
Idioma del texto, banda sonora, etc. Español; Castellano
Idioma de la obra original Alemán
105 ## - Campo de datos codificados: Material textual, monográfico
Datos codificados de monografía y 001zy
200 1# - Título y mención de responsabilidad
Título propio Teoría general del estado
Designación general del material texto impreso
Otra información del título ciencia de la política
Primer mención de responsabilidad Reinhold Zippelius
Declaración de responsabilidad subsiguiente traducción de Héctor Fix Fierro
205 ## - Declaración de edición
Declaración de edición 1a ed
210 ## - Publicación, distribución, etc.
Lugar de publicación, distribución, etc. México
Nombre del editor, distribuidor, etc. Universidad Nacional Autónoma de México, Instituto de Investigaciones Jurídicas
Fecha de publicación, distribución, etc. 1985
215 ## - Descripción física
Designación de material específico y extensión del ítem 467 p
Dimensiones 19 cm
345 ## - Nota de información de adquisición
Fuente de adquisición/dirección de la suscripción [OBSOLETO] Donación
410 #1 - Series
Título Serie G : Estudios Doctrinales
Número de volumen 82
606 ## - Término temático usado como materia
Elemento de entrada Estado, El
Número Koha 2622
606 ## - Término temático usado como materia
Elemento de entrada Tácticas políticas
Número Koha 12252
700 ## - Nombre personal - Responsabilidad primaria
Elemento de entrada Zippelius
Parte del nombre distinta del elemento de entrada Reinhold
Número Koha 19344
702 ## - Nombre personal - Responsabilidad secundaria
Elemento de entrada Fix Fierro
Parte del nombre distinta del elemento de entrada Héctor Felipe
Fechas 1961-2020
Número Koha 15748
801 #0 - Fuente de origen
Agencia cm
856 ## - Localización electrónica y acceso
Identificador Uniforme de Recurso https://biblio.juridicas.unam.mx/bjv/detalle-libro/1057-teoria-general-del-estado-ciencia-de-la-politica
900 ## -
-- 1/9710
900 ## -
-- 710935376\\010893
942 ## - ELEMENTOS DE ENTRADA SECUNDARIOS (KOHA)
Tipo de ítem Koha Livre
996 ## -
-- MEX
-- 751145101
-- MMAG
-- 006373
-- 320.1 Z57T
-- 20220428LIV
Exemplaires
Estatus retirado Estado de daño Estado de pérdida Fecha de adquisición Biblioteca de origen Biblioteca actual Ubicación en estantería Código de barras Precio de reemplazo Signatura topográfica completa No para préstamo Tipo de ítem Koha Nota pública Nota no pública
      05/08/2025 Casa México Paris Casa México Paris   006373 05/08/2025 320.1 Z57T   Livre 20220428LIV 751145101